New English File. Advanced: Student's Book

Bibliografische gegevens
Hoofdauteur: Oxenden C. Clive
Andere auteurs: Latham-Koenig C. Christina
Samenvatting:With its irresistible topics and clear focus on useful and natural language, New English File Advanced motivates your higher-level students so they keep talking and continue to improve all aspects of their English.
Taal:Engels
Gepubliceerd in: New York, Oxford University Press, 2010
Onderwerpen:
Formaat: Boek
KOHA link:https://koha.lib.tpu.ru/cgi-bin/koha/opac-detail.pl?biblionumber=192805

MARC

LEADER 00000nam0a2200000 4500
001 192805
005 20231101224437.0
010 |a 9780194594585 
035 |a (RuTPU)RU\TPU\book\210235 
090 |a 192805 
100 |a 20110309d2010 m y0engy50 ba 
101 0 |a eng 
102 |a US 
105 |a a j 000zy 
200 1 |a New English File. Advanced  |e Student's Book  |f C. Oxenden, C. Latham-Koenig 
210 |a New York  |c Oxford University Press  |d 2010 
215 |a 168 p.  |c il. 
330 |a With its irresistible topics and clear focus on useful and natural language, New English File Advanced motivates your higher-level students so they keep talking and continue to improve all aspects of their English. 
606 1 |a Английский язык  |x Учебные руководства и пособия  |x Учебные руководства и пособия для высшей школы  |2 stltpush  |3 (RuTPU)RU\TPU\subj\29071  |9 52483 
610 1 |a лексика 
610 1 |a грамматика 
610 1 |a разговорная речь 
610 1 |a упражнения 
686 |a Ш143.21-923  |v LBC/SL-A  |2 rubbk 
700 1 |a Oxenden  |b C.  |g Clive 
701 1 |a Latham-Koenig  |b C.  |g Christina 
801 1 |a RU  |b 63413507  |c 20110309 
801 2 |a RU  |b 63413507  |c 20170608  |g RCR 
942 |c BK